[Event "Dhaka Powertec op-B"]
[Site "Dhaka"]
[Date "2017.07.23"]
[Round "9"]
[White "Sabbir, Shah"]
[Black "Mukitul, Islam Ripon"]
[Result "0-1"]
[WhiteElo "1754"]
[BlackElo "1899"]
[PlyCount "44"]
[EventDate "2017.07.15"]
[EventType "swiss"]
[EventRounds "9"]
[EventCountry "BAN"]
[SourceTitle "EXT 2018"]
[Source "ChessBase"]
[SourceDate "2017.10.13"]
[SourceVersion "1"]
[SourceVersionDate "2017.10.13"]
[SourceQuality "1"]

1. d4 Nf6 2. Nf3 g6 3. c4 Bg7 4. Nc3 0-0 5. Bg5 c6 6. e3 d6 7. h3 Qa5 8. Bd3 e5 9. Bxf6 Bxf6 10. dxe5 dxe5 11. Qc2 Nd7 12. 0-0 Nc5 13. Ne4 Nxe4 14. Bxe4 Bg7 15. Bd3 f5 16. e4 f4 17. Qb3 Bd7 18. Rad1 g5 19. Be2 Qc7 20. Rd3 Be6 21. Qc3 g4 22. hxg4 Bxg4 0-1